000 01078nam0a22002291 4500
001 rc\669819
005 20260407075149.0
035 _a(NLR Aleph) 005908461
090 _a6351371
_c6351371
100 _a20031121d1986 |||y0rusy50 ca
101 0 _arus
102 _aRU
105 _aa |||||||||
200 1 _aНЕКОТОРЫЕ тенденции и проблемы развития изобретательства в СССР
_eМатериал для обсуждения
_fГос. ком. СССР по делам изобрет. и открытий, ВНИИ пат. информ.
_gПробл. комис. по разраб. пробл. разд. 1.6 "Открытия, изобрет., пат.-лиценз. работа" Комплекс. программы НТП СССР на 1991-2010 гг.
210 _aМ.
_cБ. и.
_d1986
215 _a42 с.
_cил.
_d22
712 0 2 _aВНИИ патентной информации
_3RU\NLR\AUTH\884060
_9279474
801 0 _aRU
_bNLR
_gpsbo
801 1 _aRU
_bELAR
_2rusmarc
852 _aNLR
_j87-6/3472
942 _cBOOK
980 _aNB